| 000 | 01491nam a2200373Ia 4500 | ||
|---|---|---|---|
| 001 | ebr10622742 | ||
| 003 | CaPaEBR | ||
| 006 | m u | ||
| 007 | cr cn||||||||| | ||
| 008 | 100611s2010 txu sb 001 0 eng d | ||
| 010 | _z 2010022961 | ||
| 020 | _z9781593324322 | ||
| 020 | _z9781593326531 | ||
| 040 |
_aCaPaEBR _cCaPaEBR |
||
| 035 | _a(OCoLC)817561298 | ||
| 043 |
_an-us--- _an-us-wa |
||
| 050 | 1 | 4 |
_aKF4865 _b.J63 2010eb |
| 082 | 0 | 4 |
_a342.7308/52 _222 |
| 100 | 1 |
_aJohnson, Douglas F., _d1958- |
|
| 245 | 1 | 0 |
_aFreedom of religion _h[electronic resource] : _bLocke v. Davey and state Blaine Amendments / _cDouglas F. Johnson. |
| 260 |
_aEl Paso : _bLFB Scholarly Pub., _c2010. |
||
| 300 | _aix, 219 p. | ||
| 490 | 1 | _aLaw & society : recent scholarship | |
| 504 | _aIncludes bibliographical references and index. | ||
| 533 |
_aElectronic reproduction. _bPalo Alto, Calif. : _cebrary, _d2011. _nAvailable via World Wide Web. _nAccess may be limited to ebrary affiliated libraries. |
||
| 600 | 1 | 0 |
_aDavey, Joshua _xTrials, litigation, etc. |
| 650 | 0 |
_aChurch and state _zUnited States. |
|
| 650 | 0 |
_aStudent aid _xLaw and legislation _zWashington (State) |
|
| 651 | 0 |
_aWashington (State) _xTrials, litigation, etc. |
|
| 655 | 7 |
_aElectronic books. _2local |
|
| 710 | 2 | _aebrary, Inc. | |
| 830 | 0 | _aLaw and society (New York, N.Y.) | |
| 856 | 4 | 0 |
_uhttp://site.ebrary.com/lib/rucke/Doc?id=10622742 _zAn electronic book accessible through the World Wide Web; click to view |
| 999 |
_c160159 _d160159 |
||